00770nam a2200253 a 4500001001300000003000900013005001700022008004100039020002300080082001500103100001600118245004400134260003700178300001000215500003500225505002400260650002500284650003100309700001600340902000800356942000700364952012800371999001700499nice12345678IN_TiNIC20260116014221.0130220s2012 dela grp 000 0 eng  a9788183243711c99500a923.2bSHE aShewan, M A aPortrait of President- Pranab Mukherjee aDelhibMittal Publication c2012 a318p  aincludes index and biblioraphy2 aBibliography, Index aBiography-Politician aPranab Mukherjee-Biography1 aShewan, M A bSRS cBK 001040708StackRoom-aHMIbHMId2013-02-20g995.00l1o923.2 SHEp024049r2018-05-31s2018-04-20v995.00w2013-02-20yBK c14369d14369